Dirty Little Secret - All American Rejects (All Lyrics) - Statistics

General Stats
  • This quiz has been taken 33 times
  • The average score is 220 of 258
Answer Stats
Answer % Correct
dirty
100%
(dirty
100%
Dirty
100%
little
100%
secret
100%
secret)
100%
a
96%
don't
96%
Don't
96%
my
96%
My
96%
Tell
96%
tell
96%
you
96%
You
96%
be
93%
has
93%
I
93%
I'll
93%
Just
93%
just
93%
(just
93%
know
93%
know?
93%
to
93%
wanna
93%
When
93%
another
89%
anyone
89%
me
89%
one
89%
the
89%
The
89%
Who
89%
all
86%
can
86%
keep
86%
or
86%
Or
86%
regret
86%
regret)
86%
that
86%
time
86%
you'll
86%
are
82%
around
82%
go
82%
I've
82%
Let
82%
play
82%
waste
82%
with
82%
away
79%
done
79%
Find
79%
games
79%
it
79%
It's
79%
it's
79%
known
79%
needs
79%
only
79%
out
79%
this
79%
two
79%
we
79%
wrong
79%
you've
79%
along
75%
fragile
75%
live
75%
such
75%
survive
75%
way
75%
best
71%
lives
71%
she
71%
thrown
71%
inside
68%
(inside)
68%
can't
64%
feels
64%
Hope
64%
what
64%
deny
61%
apart
54%
eating
54%
Those
50%
won't
46%
(won't
46%
And
43%
sleeping
43%
thoughts
43%
Trace
43%
lie
39%
lie)
39%
dogs
36%
These
36%
nightmare
32%
tried
32%
now
25%
but
18%
No matching quizzes found
Score Distribution
Percent of People with Each Score
Percentile by Number Answered
Your Score History
You have not taken this quiz